| 000 | 00502nam a2200169Ia 4500 | ||
|---|---|---|---|
| 008 | 100122s9999 xx 000 0 und d | ||
| 082 |
_b351 _a613 |
||
| 100 | _aगांधी महात्मा | ||
| 245 | _aआरोग्य | ||
| 260 |
_bप्रकाशक शोधणे _c1924 |
||
| 300 | _a50 | ||
| 520 | _aगांधी मोहनदास | ||
| 620 | _aगांधी मोहनदास | ||
| 630 | _aआरोग्य | ||
| 730 | _aआरोग्य | ||
| 942 | _cBOOK | ||
| 999 |
_c395536 _d395533 |
||